Podstata a špecifiká marketingu neziskových organizácií

Nevyhnutnosť uplatňovania marketingu v neziskových organizáciách. Všeobecné východiská marketingu neziskových organizácií. Osobitosti marketingu neziskových organizácií. Koncepcia a stratégie sociálneho marketingu.

Na minha lista:
Detalhes bibliográficos
Autor principal: Hanuláková, Eva, 1964-
Formato: Capítulo de Livro
Idioma:eslovaco
Assuntos:
Tags: Adicionar Tag
Sem tags, seja o primeiro a adicionar uma tag!

MARC

LEADER 00000naa a2200000 4500
001 r034072
005 20240502071331.6
041 0 |a slo 
044 |a SK 
245 1 0 |a Podstata a špecifiká marketingu neziskových organizácií  |c Eva Hanuláková 
520 |a Nevyhnutnosť uplatňovania marketingu v neziskových organizáciách. Všeobecné východiská marketingu neziskových organizácií. Osobitosti marketingu neziskových organizácií. Koncepcia a stratégie sociálneho marketingu. 
610 2 0 |a marketing 
610 2 0 |a marketing sociálny 
610 2 0 |a organizácie neziskové 
610 2 0 |a marketing mix 
610 2 0 |a stratégia marketingová 
100 1 |a Hanuláková, Eva, 1964-